| 000 | 00368nam a2200145Ia 4500 | ||
|---|---|---|---|
| 008 | 230312s9999||||xx |||||||||||||| ||und|| | ||
| 020 | _a9780077103934 | ||
| 082 |
_a005.117 _bPRI-P |
||
| 100 | _aLohr,L,Sharon | ||
| 245 | 0 | _aSampling : design and analysis | |
| 260 |
_bMcgraw Hill _aUK _c2003 |
||
| 300 | _a357 | ||
| 650 |
_aComputer _vUML (Informatique) |
||
| 942 | _cBK | ||
| 999 |
_c17966 _d17966 |
||